KOHA-Header-6

Little Fires Everywhere/ (Record no. 12709)

000 -LEADER
fixed length control field 00257nam a22001217a 4500
020 ## - INTERNATIONAL STANDARD BOOK NUMBER
ISBN 9780349142920
082 ## - DEWEY DECIMAL CLASSIFICATION NUMBER
Classification number 813.6
100 ## - MAIN ENTRY--AUTHOR NAME
Personal name NG, Celeste
245 ## - TITLE STATEMENT
Title Little Fires Everywhere/
260 ## - PUBLICATION, DISTRIBUTION, ETC. (IMPRINT)
Place of publication USA
Name of publisher Abacus
Year of publication 2018
300 ## - PHYSICAL DESCRIPTION
Number of Pages 388, pages.
942 ## - ADDED ENTRY ELEMENTS (KOHA)
Koha item type Books
Holdings
Withdrawn status Lost status Collection code Permanent Location Current Location Shelving location Date acquired Full call number Accession Number Koha item type
    Fiction MAJU MAJU Shelf No.A23 2020-12-29 813.6 9897 English Literature

Powered by Koha